| 000 | 00921nam a22002177a 4500 | ||
|---|---|---|---|
| 003 | OSt | ||
| 005 | 20251108132812.0 | ||
| 008 | 251108b |||||||| |||| 00| 0 eng d | ||
| 040 | _c0 | ||
| 082 | _aDPer 372.83044 SoI31 September 2022-April 2023 v. 35 n. 1-4 | ||
| 100 |
_aSell, Corey R. _eauthor. _969312 |
||
| 245 |
_aTeaching beyond curricular certainty : _btelling Bayard Rustin's story to kindergarteners / _cCorey R. Sell, Dorothy Shapland, Caroline Klein-Callea, Melanie Ernst. |
||
| 260 |
_aNCSS Publication ; _cMarch-April 2023. |
||
| 300 |
_aVolume 35, pages 15-20 : _billustration ; _c28 cm. |
||
| 500 | _aSocial Studies and the Young Learner, vol. 35, no. 3, pages 15-20, March/April 2023. | ||
| 700 |
_aSell, Corey R. _eauthor. _969312 |
||
| 710 |
_aShapland, Dorothy. _eauthor. _969313 |
||
| 711 |
_aKlein-Callea, Caroline. _jauthor. _969314 |
||
| 711 |
_aErnst, Melanie. _jauthor. _969315 |
||
| 942 |
_2ddc _cPER |
||
| 999 |
_c24179 _d24179 |
||